书目信息 |
| 题名: |
建筑工程绿色施工技术与安全管理
|
|
| 作者: | 毛同雷 , 孟庆华 , 郭宏杰 著 | |
| 分册: | ||
| 出版信息: | 长春 吉林科学技术出版社 2022.04 |
|
| 页数: | 187页 | |
| 开本: | 26cm | |
| 丛书名: | ||
| 单 册: | ||
| 中图分类: | TU74 , TU714 | |
| 科图分类: | ||
| 主题词: | 生态建筑--sheng tai jian zhu--工程施工 , 建筑施工--jian zhu shi gong--安全管理 | |
| 电子资源: | ||
| ISBN: | 978-7-5578-9471-9 | |
| 000 | 01195nam0 2200289 450 | |
| 001 | CAL 012022036547 | |
| 005 | 20230217093112.0 | |
| 010 | @a978-7-5578-9471-9@dCNY48.00 | |
| 100 | @a20221020d2022 em y0chiy0120 ea | |
| 101 | 0 | @achi |
| 102 | @aCN@b220000 | |
| 105 | @ay a 000yy | |
| 106 | @ar | |
| 200 | 1 | @a建筑工程绿色施工技术与安全管理@Ajian zhu gong cheng lv se shi gong ji shu yu an quan guan li@f毛同雷, 孟庆华, 郭宏杰著 |
| 210 | @a长春@c吉林科学技术出版社@d2022.04 | |
| 215 | @a187页@d26cm | |
| 320 | @a有书目 (第186-187页) | |
| 330 | @a本书从绿色建筑和施工的概述入手, 展开介绍不同绿色施工技术在建筑施工中的运用以及绿色建筑施工在各方面的管理, 并讲述绿色建筑工程施工的新技术。内容涉及绿色建筑基本知识、绿色建筑环境技术、绿色建筑材料技术、绿色建筑结构技术、绿色建筑设备技术、绿色建筑智能化技术、绿色建筑施工技术和绿色建筑管理技术。 | |
| 606 | 0 | @a生态建筑@Asheng tai jian zhu@x工程施工 |
| 606 | 0 | @a建筑施工@Ajian zhu shi gong@x安全管理 |
| 690 | @aTU74@v5 | |
| 690 | @aTU714@v5 | |
| 701 | 0 | @a毛同雷@Amao tong lei@4著 |
| 701 | 0 | @a孟庆华@Ameng qing hua@4著 |
| 701 | 0 | @a郭宏杰@Aguo hong jie@4著 |
| 801 | 0 | @aCN@bBJXHZP@c20230228 |
| 905 | @b1386056-9@dTU74@e2144@f4 | |
| 建筑工程绿色施工技术与安全管理/毛同雷, 孟庆华, 郭宏杰著.-长春:吉林科学技术出版社,2022.04 |
| 187页;26cm |
| ISBN 978-7-5578-9471-9:CNY48.00 |
| 本书从绿色建筑和施工的概述入手, 展开介绍不同绿色施工技术在建筑施工中的运用以及绿色建筑施工在各方面的管理, 并讲述绿色建筑工程施工的新技术。内容涉及绿色建筑基本知识、绿色建筑环境技术、绿色建筑材料技术、绿色建筑结构技术、绿色建筑设备技术、绿色建筑智能化技术、绿色建筑施工技术和绿色建筑管理技术。 |
| ● |
| 相关链接 |
|
|
|
|
正题名:建筑工程绿色施工技术与安全管理
索取号:TU74/2144
 
预约/预借
| 序号 | 登录号 | 条形码 | 馆藏地/架位号 | 状态 | 备注 |
| 1 | 1386056 | 213860561 | 第二样本阅览室/ [索取号:TU74/2144] | 在馆 | |
| 2 | 1386057 | 213860570 | 第三借阅区/ [索取号:TU74/2144] | 在馆 | |
| 3 | 1386058 | 213860589 | 第三借阅区/ [索取号:TU74/2144] | 在馆 | |
| 4 | 1386059 | 213860598 | 第三借阅区/ [索取号:TU74/2144] | 在馆 |